000 01627nam a22002897a 4500
003 OSt
005 20251103112043.0
008 250910b |||||||| |||| 00| 0 eng d
022 _a0143-2095
040 _aEnglish
_ctbs
041 _aEnglish
100 _aRumelt, Richard P.
_926390
245 _aStrategic Management and Economics
260 _bBVIMR Management Edge
_c2011
362 _aBVIMR Management Edge. 2011, Vol. 4 Issue 2, p115-118. 4p.
520 _aThis essay examines the relationship between strategic management and economics. It introduces the special issue on this same topic by providing a guide to the eight papers contained in the special issue, and it offers the guest editors viewpoints on the contributions of each discipline to the other. The essay notes the major contribution from economics has been primarily from the industrial organization literature, with promises of important gains to be made from the `new' economics as it breaks away from the neoclassical theory of the firm. Contributions from strategic management to economics are noted. Areas for further research utilizing the relationship between strategic management and economics are also indicated.
653 _aStrategic Management
653 _aCorporate strategies
653 _aGame theory
653 _aFinancial economics
653 _aTransaction costs
653 _aEconomies of scale
700 _aSchendel, Dan
_926391
700 _aTeece, David J.
_926392
856 _uhttps://bibliotheque.tbs-education.fr/Default/doc/edsjsr/_b64_ZWRzanNyLjI0ODY0MzE%3d/strategic-management-and-economics
942 _2lcc
999 _c5127
_d5127